<?xml version="1.0" encoding="UTF-8"?>
<collection xmlns="http://www.loc.gov/MARC21/slim">
<record>
  <controlfield tag="001">6997</controlfield>
  <controlfield tag="005">20240715085915.0</controlfield>
  <datafield tag="037" ind1=" " ind2=" ">
    <subfield code="a">CTALK-2024-0122</subfield>
  </datafield>
  <datafield tag="100" ind1=" " ind2=" ">
    <subfield code="a">Petrova, Elena</subfield>
  </datafield>
  <datafield tag="245" ind1=" " ind2=" ">
    <subfield code="a">How high resolution observations improve our understanding of the high frequency  dynamics in corona  </subfield>
  </datafield>
  <datafield tag="260" ind1=" " ind2=" ">
    <subfield code="c">2024</subfield>
  </datafield>
  <datafield tag="269" ind1=" " ind2=" ">
    <subfield code="c">2024-06-25</subfield>
  </datafield>
  <datafield tag="520" ind1=" " ind2=" ">
    <subfield code="a">The  ability  to  detect  certain  phenomena  on  the  Sun  is  prescribed  by  the  capabilities  of  our  instrumentation.  Throughout  history,  launching  satellites  equipped  with  cutting-edge  instruments  has consistently expanded our understanding of solar physics.  Launch of the Solar Orbiter is not an exception and since its launch already there have been a lot  of new discoveries specifically focused on small scales such as for example campfires or picojets.  In  this  talk,  I  will  delve  into  two  recent  studies  that  we've  done  utilizing  data  from  the  High- Resolution  Imager  in  the  Extreme  Ultraviolet  telescope  (HRIEUV)  onboard  Solar  Orbiter  and  discuss how those works fit and contribute into our current understanding of the waves.  The first study focuses on the detection of high-frequency decayless kink oscillations in small loops  in  a  quiet  region  of  the  Sun.  Due  to  the  unprecedented  imaging  cadence  of  the  corona,  we  were  able to detect oscillations with periods that are shorter than the previously observed range, hinting  at a significant energy budget associated with these phenomena. The  second  one  is  related  to  detection  of  torsional Alfvén  waves  in  a  fan-spine  topology.  In  this  work  we  combine  the  observations  from  several  instruments  onboard  Solar  Orbiter,  namely  mentioned already HRIEUV, PHI and SPICE. This is the first time we see signatures of propagating  torsional motion in corona as observed by the three instruments onboard Solar Orbiter.</subfield>
  </datafield>
  <datafield tag="594" ind1=" " ind2=" ">
    <subfield code="a">STCE</subfield>
  </datafield>
  <datafield tag="653" ind1="1" ind2=" ">
    <subfield code="a">waves</subfield>
  </datafield>
  <datafield tag="653" ind1="1" ind2=" ">
    <subfield code="a">corona</subfield>
  </datafield>
  <datafield tag="653" ind1="1" ind2=" ">
    <subfield code="a">EUV</subfield>
  </datafield>
  <datafield tag="653" ind1="1" ind2=" ">
    <subfield code="a">Solar Orbiter</subfield>
  </datafield>
  <datafield tag="700" ind1=" " ind2=" ">
    <subfield code="a">Van Doorsselaere, Tom</subfield>
  </datafield>
  <datafield tag="700" ind1=" " ind2=" ">
    <subfield code="a">Berghmans, David</subfield>
  </datafield>
  <datafield tag="700" ind1=" " ind2=" ">
    <subfield code="a">Magyar, Norbert</subfield>
  </datafield>
  <datafield tag="700" ind1=" " ind2=" ">
    <subfield code="a">Parenti, Susanna</subfield>
  </datafield>
  <datafield tag="700" ind1=" " ind2=" ">
    <subfield code="a">Valori, Gherardo</subfield>
  </datafield>
  <datafield tag="700" ind1=" " ind2=" ">
    <subfield code="a">Plowman, Joseph</subfield>
  </datafield>
  <datafield tag="773" ind1=" " ind2=" ">
    <subfield code="t">11th Coronal Loop Workshop</subfield>
  </datafield>
  <datafield tag="856" ind1="0" ind2=" ">
    <subfield code="f">david.berghmans@ksb-orb.be</subfield>
  </datafield>
  <datafield tag="856" ind1="4" ind2="2">
    <subfield code="a">https://meetings.iac.es/clw11/</subfield>
  </datafield>
  <datafield tag="856" ind1="4" ind2="2">
    <subfield code="a">https://cloud.iac.es/index.php/s/85rPTtiz558od7a</subfield>
  </datafield>
  <datafield tag="906" ind1=" " ind2=" ">
    <subfield code="a">Invited</subfield>
  </datafield>
  <datafield tag="980" ind1=" " ind2=" ">
    <subfield code="a">CTALKINVI</subfield>
  </datafield>
</record>
</collection>